| 000 | 00502nam a2200157Ia 4500 | ||
|---|---|---|---|
| 008 | 230907s9999||||xx |||||||||||||| ||und|| | ||
| 082 |
_a620 _bADN |
||
| 100 |
_aMuhammad Adnan (00000206332) _9116559 |
||
| 245 | 0 | _aNumerical Analysis in Enhancement of Heat Transfer with Pin Fins using Peripheral Protrusions / | |
| 260 |
_aUSPCAS-E, NUST, _bIslamabad : _c2021 |
||
| 300 | _axii, 59 p. | ||
| 520 | _aTH-259 | ||
| 650 | _aMS TEE Thesis MS Thesis | ||
| 700 |
_aDr Majid Ali _929033 |
||
| 942 |
_cTHE _2ddc |
||
| 999 |
_c601937 _d601937 |
||